Statistics for The 20 European Clubs who spend the most money on salary per year

Click here to take the quiz!

General Stats

  • This quiz has been taken 257 times
  • The average score is 17 of 20

Answer Stats

#CountryTeamSalary per year% Correct
2SpainReal Madrid€289 mln
100%
8GermanyBayern Munich€236 mln
98%
3EnglandChelsea€284 mln
98%
1SpainFC Barcelona€340 mln
98%
4EnglandManchester City€276 mln
98%
6FranceParis Saint-Germain€255 mln
98%
11ItalyAC Milan€164 mln
97%
10ItalyJuventus€198 mln
96%
5EnglandManchester United€266 mln
96%
7EnglandArsenal€250 mln
95%
9EnglandLiverpool€216 mln
95%
16GermanyBorussia Dortmund€118 mln
94%
15ItalyInternazionale€120 mln
91%
12EnglandTottenham Hotspur€141 mln
90%
13ItalyAS Roma€137 mln
89%
17RussiaZenit€113 mln
70%
18GermanyFC Schalke 04€111 mln
60%
20EnglandAston Villa€110 mln
50%
14GermanyVfL Wolfsburg€120 mln
50%
19EnglandSwansea City€110 mln
21%

Score Distribution

Percentile by Number Answered

Percent of People with Each Score

Your Score History

You have not taken this quiz